Bournemouthpool all-time top appearances - Statistics

General Stats
  • This quiz has been taken 6 times
  • The average score is 4 of 10
Answer Stats
Apps Nationality Player % Correct
387 England Steve Cook
100%
368 England Adam Smith
60%
302 England Brett Pitman
40%
270 England Eddie Howe
40%
312 England Marc Pugh
40%
324 England Simon Francis
40%
494 England Steve Fletcher
40%
342 England James Hayter
20%
314 England Neil Young
20%
277 Scotland Warren Cummings
20%
No matching quizzes found
Score Distribution
Percent of People with Each Score
Percentile by Number Answered
Your Score History
You have not taken this quiz